| 000 | 00681nam a22001817a 4500 | ||
|---|---|---|---|
| 005 | 20251108164354.0 | ||
| 008 | 250721s1982 xx 000 0 ara d | ||
| 082 | 1 | 4 | _a411.7/محم |
| 100 | 1 | _aالخطاط، محمد طاهر بن عبد القادر | |
| 245 | 1 | 0 |
_aتاريخ الخط العربي و آدابه : _bهو كتاب تاريخي إجتماعي أدبي / |
| 250 | _aط2.، مزيدة زمنقحة | ||
| 264 | 1 |
_aالرياض : _bالجمعية العربية السعودية للثقافة والفنون، _c1982. |
|
| 300 | _a552ص : مص | ||
| 650 | 1 | 7 | _aاللغة العربية |
| 650 | 1 | 7 | _aالخط العربي |
| 942 |
_2ddc _cBK |
||
| 999 |
_c10538 _d10538 |
||